1970s Surnames Quiz Stats

Quiz Updated Jan 16, 2016

Challenge
Share
Tweet
Embed
Score 0/50 Timer 05:00
1 Play Today
% Correct
Thurman
94.8%
Winslet
94.3%
Lewinsky
93.4%
Klum
93.4%
Vaughn
91.3%
Agassi
91%
Fey
90.7%
Seacrest
89.3%
Cooper
88.2%
Johnson
85.4%
Mickelson
80.2%
Blaine
79.4%
Adams
79.2%
Parsons
77.1%
Grylls
75%
Knoxville
75%
Hamm
74.7%
Bialik
74%
Yamaguchi
73.2%
Coppola
73%
Wyle
69.8%
Cena
69.4%
Ryan
69.4%
Gilbert
69.3%
Oliver
67.6%
% Correct
Graham
67.3%
Schroder
65.7%
Street
63.9%
Sabatini
62.7%
Meyer
62.1%
Pegg
61.2%
Armstrong
59.4%
Nolan
57.9%
Posada
55.8%
Lewis
55%
Chen
53%
Mourning
52.9%
Smith
52.8%
Tennant
52.1%
Sapp
50.8%
Knight
50%
Skye
49%
Spurlock
48.5%
Stojko
47.4%
Powter
44.3%
Thomas
43.6%
Giggs
31.2%
Cuomo
28.7%
Eggers
23.3%
Handler
14%

You're not logged in!

Compare scores with friends on all Sporcle quizzes.
Sign Up with Email
OR
Log In

You Might Also Like...

Show Comments

Extras

Top Quizzes Today


Score Distribution

Your Account Isn't Verified!

In order to create a playlist on Sporcle, you need to verify the email address you used during registration. Go to your Sporcle Settings to finish the process.